| Tag |
First Indicator |
Second Indicator |
Subfields |
| LEADER |
00000cam a2200000 a 4500 |
| 001 |
in00005651920 |
| 008 |
970114s1996 sp b 000 0 spa |
| 005 |
20250725182832.5 |
| 010 |
|
|
|a 97104291
|
| 035 |
|
|
|a (OCoLC)ocm36647974
|
| 040 |
|
|
|a DLC
|b eng
|c DLC
|d PL#
|d I5B
|d WAU
|d OCLCG
|d GEBAY
|d OCLCO
|d OCLCF
|d OCLCQ
|d OCLCO
|d OCLCL
|d OCLCQ
|
| 019 |
|
|
|a 35844070
|
| 020 |
|
|
|a 8488881436
|
| 020 |
|
|
|a 9788488881434
|
| 035 |
|
|
|a (OCoLC)36647974
|z (OCoLC)35844070
|
| 050 |
0 |
0 |
|a PQ6357.C53
|b L6 1996
|
| 082 |
0 |
0 |
|a 863/.3
|2 21
|
| 100 |
1 |
|
|a López Navia, Santiago Alfonso,
|d 1961-
|1 https://id.oclc.org/worldcat/entity/E39PBJyMcYKKM9mqkyg9B4mw4q
|
| 245 |
1 |
3 |
|a La ficción autorial en el Quijote y en sus continuaciones e imitaciones /
|c Santiago Alfonso López Navia.
|
| 260 |
|
|
|a Madrid :
|b Universidad Europea de Madrid-CEES Ediciones,
|c 1996.
|
| 300 |
|
|
|a 285 pages ;
|c 23 cm.
|
| 336 |
|
|
|a text
|b txt
|2 rdacontent
|
| 337 |
|
|
|a unmediated
|b n
|2 rdamedia
|
| 338 |
|
|
|a volume
|b nc
|2 rdacarrier
|
| 490 |
1 |
|
|a Serie "Estudios europeos" ;
|v no. 4
|
| 504 |
|
|
|a Includes bibliographical references (pages 255-267).
|
| 530 |
|
|
|a Also issued online.
|
| 600 |
1 |
0 |
|a Cervantes Saavedra, Miguel de,
|d 1547-1616.
|t Don Quixote.
|
| 650 |
|
0 |
|a Point of view (Literature)
|
| 650 |
|
0 |
|a Hamete Benengeli, Cide (Fictitious character)
|
| 650 |
|
6 |
|a Point de vue (Littérature)
|
| 630 |
0 |
7 |
|a Don Quixote (Cervantes Saavedra, Miguel de)
|2 fast
|0 (OCoLC)fst01356104
|
| 650 |
|
7 |
|a Hamete Benengeli, Cide (Fictitious character)
|2 fast
|0 (OCoLC)fst00950763
|
| 650 |
|
7 |
|a Point of view (Literature)
|2 fast
|0 (OCoLC)fst01068103
|
| 650 |
|
7 |
|a Fiktiver Autor
|2 gnd
|
| 600 |
1 |
7 |
|a Cervantes Saavedra, Miguel de.
|t Don Quijote.
|2 swd
|
| 653 |
|
|
|a Cervantes Saavedra, Miguel de. Don Quijote
|a Crítica e interpretación.
|
| 776 |
0 |
8 |
|i Online version:
|a López Navia, Santiago Alfonso, 1961-
|t Ficción autorial en el Quijote y en sus continuaciones e imitaciones.
|d Madrid : Universidad Europea de Madrid-CEES Ediciones, 1996
|w (OCoLC)605966915
|
| 830 |
|
0 |
|a Serie "Estudios europeos" ;
|v no. 4.
|
| 938 |
|
|
|a Iberbook International S.L.
|b IBER
|n 57810
|c P2250
|
| 938 |
|
|
|a Puvill Libros
|b PUVL
|n 8488881436
|c $18.57
|
| 029 |
1 |
|
|a GBVCP
|b 229365051
|
| 029 |
1 |
|
|a GEBAY
|b 6022979
|
| 029 |
1 |
|
|a I5B
|b 57810
|
| 029 |
1 |
|
|a NZ1
|b 4894014
|
| 994 |
|
|
|a Z0
|b TXA
|
| 948 |
|
|
|h HELD BY TXA - 60 OTHER HOLDINGS
|
| 999 |
f |
f |
|s 689e8372-c007-44de-87fd-eb8ac5fb132a
|i f4c0b71c-3830-47d9-aa2e-fcc75bd5f91b
|t 0
|
| 952 |
f |
f |
|p noncirc
|a Texas A&M University
|b J.J. Pickle Campus
|c High Density Repository
|d Remote Storage
|t 0
|e PQ6357.C53 L6 1996
|h Library of Congress classification
|i unmediated -- volume
|m A14853341859
|
| 998 |
f |
f |
|a PQ6357.C53 L6 1996
|t 0
|l Remote Storage
|